| 000 | 00798cam a22002414a 4500 | ||
|---|---|---|---|
| 005 | 20250605164308.0 | ||
| 008 | 250528s ||||||||||||||||||||||||d | ||
| 035 | _a22357 | ||
| 020 | _a9789600346701 | ||
| 040 |
_aGR-AtMCL _bgre _dGR-AtMCL _eAACR2 |
||
| 245 | 1 | _aΔΙΑΦΗΜΙΣΗ ΚΑΙ ΕΠΙΚΟΙΝΩΝΙΑ / Η ΚΑΤΑΝΑΛΩΣΗ ΣΤΗΝ ΕΠΟΧΗ ΤΩΝ ΜΕΣΩΝ ΕΠΙΚΟΙΝΩΝΙΑΣ | |
| 250 | _a1 | ||
| 260 |
_bΚαστανιώτη, _c2008 |
||
| 300 | _a793 | ||
| 520 | _aΗ ΔΙΑΦΗΜΙΣΗ ΚΑΙ ΤΑ ΜΕΣΑ ΕΠΙΚΟΙΝΩΝΙΑΣ 1985-2000 ΠΟΛΙΤΙΚΗ | ||
| 700 | 1 |
_aBotterille Jacqueline _98212 |
|
| 700 | 1 |
_aJully Sat _98213 |
|
| 700 | 1 |
_aKleine Stephen _98214 |
|
| 700 | 1 |
_aLeiss William _93184 |
|
| 942 | _cBK | ||
| 999 |
_c7410 _d7410 |
||